000 01161nam a2200337Ia 4500
001 Para_6006
003 CHAP
008 220125s1990 xx 000 0 und d
010 _a204761
040 _cCHAP
090 _aPA TESIS 590
100 _aParada Matamoros, María Esther
_985436
245 _aParasitismo, preferencia y estimulación dairomonal de Orgilus sp (Hym :
_b Braconidae) sobre Phthorimaea operculella (Zelle) (Lep :
_b Gelechiidae) /
_c por María Esther Parada Matamoros
260 _aChapingo, Méx. :
_b el autor
300 _a77 h.
502 _aTesis (Ing. Agr. Esp. en Parasitología Agrícola) -- UACh. Departamento Parasitología Agrícola
650 _aBraconidae
_914939
650 _aGelechiidae
_947419
650 _aGnorimoschema operculella
_948347
650 _aHimenopteros
_955474
650 _aOrgilus
_983569
650 _aPapa
_x plagas
_985270
710 _aUACh. Departamento Parasitología Agrícola
_9164025
901 _aPA TESIS 590
902 _aA
905 _a0000001990 0000000000 00
910 _a1990
942 _cPARA
942 _cPARA
_d1
999 _c204761
_d204761